|
|
|
|
| LEADER |
00000nab a2200000 ar4500 |
| 001 |
vtls009309500 |
| 003 |
SK-MaSNL |
| 005 |
20260318123651.0 |
| 008 |
080707c20080612xo |||||||| 000 b|hun |
| 015 |
|
|
|a SNBRB2008/06
|2 snkbucl
|
| 038 |
|
|
|a SNKBUCL
|
| 040 |
|
|
|a DSZK
|b slo
|c DSZK
|e AACR2
|
| 041 |
0 |
|
|a hun
|
| 044 |
|
|
|a xo
|c SK
|
| 080 |
|
|
|a 78.071.2:785.161
|2 1997
|
| 080 |
|
|
|a 785.161
|2 1997
|
| 100 |
1 |
|
|a Posta, Ákos István
|4 ivr
|4 aut
|9 1083691
|
| 245 |
1 |
0 |
|a Örömét leli a munkájában
|b beszélgetés Peter Lipával, a jeles szlovák jazzmannel ...
|c [beszélgetett] Posta Ákos István
|
| 300 |
|
|
|b Fotogr.
|
| 600 |
1 |
7 |
|a Lipa, Peter,
|d 1943-
|2 snkbucl
|9 100015
|
| 650 |
0 |
7 |
|a džez
|2 snkbucl
|9 3178
|
| 655 |
|
7 |
|a rozhovory
|2 snkbucl
|9 31831
|
| 700 |
1 |
|
|a Lipa, Peter,
|d 1943-
|4 ive
|4 aut
|9 100015
|
| 773 |
0 |
|
|t Új szó
|g Évf. 61, sz. 136 (12.6.2008), o. 10
|x 1335-7050
|
| 852 |
|
|
|a SNK
|b KIS3GCP
|
| 852 |
|
|
|a DSZK
|b KIS3GCP
|
| 958 |
|
|
|a HU
|
| 958 |
|
|
|a SK
|
| 999 |
|
|
|c 2649949
|d 2651879
|